000 00928nam a2200289 i 4500
003 EG-GICUC
005 20260427152820.0
008 260427s1969 le ||||fr|||| 00| 0 eng d
040 _aEG-GiCUC
_beng
_cEG-GiCUC
_dEG-GiCUC
_erda
082 0 4 _221
_a341.48
_bIB . I
092 0 4 _221
099 _aLaw1 11 341.48 IB . I 1969
100 1 _aIbrahim Al-abid
_eAuthor.
245 1 0 _aIsrael and Human Rights /
_b
_cIbrahim Al-abid.
_n
264 1 _aBeirut :
_bPalestine Liberation Organization Research Center,
_c1969.
300 _a174pages :
_billustrations,
_c24 cm
336 _2rda content
_atext
337 _2rda media
_aComputer
338 _2rda carrier
_aOnline Resource
504 _aBibliography: pages 200-250.
546 _aText in English
650 1 4 _2
_aPublic international law
651 1 _2
856 4 0 _uhttps://fll.law.cu.edu.eg/fulltext/bks/B11-09380.pdf
905 _a50
942 _2ddc
_cBK
_e21
_n0
999 _c73709
_d73709